=LDR 00000nam 2200000 4500 =001 INLIS000000000061011 =005 20220602073850 =035 ##$$a 0010-0622000001 =007 ta =008 220602###########################0#ind## =020 ##$$a 978-602-02-9127-7 =082 ##$$a 297.633 =084 ##$$a 297.633 JUL s =100 #$$a Juli Irmayanto =245 1#$$a 1 Tahun Jadi Miliarder /$c Juli Irmayanto =260 ##$$a Jakarta :$b Elex Media Kompuntindo,$c 2016 =300 ##$$a viii,152 hlm. : $b Ilus. ; $c 21 Cm. =650 #4$$a Islam dan Ekonomi Bisnis =990 ##$$a 25272527